| 000 | 00374nam a2200157Ia 4500 | ||
|---|---|---|---|
| 008 | 230711s9999||||xx |||||||||||||| ||und|| | ||
| 041 | _aENG | ||
| 082 |
_a621.381 _bSA-D |
||
| 100 | _aSangar,V.K | ||
| 245 | 0 | _aDigital Electronics | |
| 250 | _a1st Ed. | ||
| 260 |
_c2011 _aJalandhar _bRaj Publications |
||
| 300 | _a570p. | ||
| 650 | _aElectronics Engineering | ||
| 942 | _cBK | ||
| 999 |
_c7689 _d7689 |
||